Normal view
MARC view
Entry Personal Name
001 - CONTROL NUMBER
- control field: 7575
003 - CONTROL NUMBER IDENTIFIER
- control field: HDC
005 - DATE AND TIME OF LATEST TRANSACTION
- control field: 20230624073247.0
008 - FIXED-LENGTH DATA ELEMENTS
- fixed length control field: 210126|| aca||aabn | a|a d
040 ## - CATALOGING SOURCE
- Original cataloging agency: HDC
- Transcribing agency: HDC
100 ## - HEADING--PERSONAL NAME
- Personal name: Hj. Abdul Rahman
670 ## - SOURCE DATA FOUND
- Source citation: Work cat.: (HDC): Hj. Abdul Rahman author, Philippine Halal Certification And Standards / by, [no year]
